MARC details
| 000 -LEADER |
| fixed length control field |
02077nam a22003497a 4500 |
| 001 - CONTROL NUMBER |
| control field |
103205 |
| 003 - CONTROL NUMBER IDENTIFIER |
| control field |
KnowledgeUnlatched |
| 005 - DATE AND TIME OF LATEST TRANSACTION |
| control field |
20210303105021.0 |
| 006 - FIXED-LENGTH DATA ELEMENTS--ADDITIONAL MATERIAL CHARACTERISTICS |
| fixed length control field |
m o d |
| 007 - PHYSICAL DESCRIPTION FIXED FIELD--GENERAL INFORMATION |
| fixed length control field |
cr u|||||||||| |
| 008 - FIXED-LENGTH DATA ELEMENTS--GENERAL INFORMATION |
| fixed length control field |
210129p20172019xx o u00| u eng d |
| 037 ## - SOURCE OF ACQUISITION |
| Institution to which field applies |
BiblioBoard |
| 020 ## - INTERNATIONAL STANDARD BOOK NUMBER |
| International Standard Book Number |
9782869066724 |
| 029 1# - OTHER SYSTEM CONTROL NUMBER (OCLC) |
| OCLC library identifier |
https://library.biblioboard.com/ext/api/media/e6022c33-e7b2-448d-84dd-c1996eb93432/assets/thumbnail.jpg |
| 040 ## - CATALOGING SOURCE |
| Original cataloging agency |
ScCtBLL |
| Transcribing agency |
ScCtBLL |
| 100 1# - MAIN ENTRY--PERSONAL NAME |
| Personal name |
Morin, Céline |
| Relator term |
author. |
| 245 00 - TITLE STATEMENT |
| Title |
Les héroïnes de séries américaines |
| Remainder of title |
De Ma sorcière Bien-aimée à The good wife / |
| Statement of responsibility, etc. |
Céline Morin. |
| 264 #1 - PRODUCTION, PUBLICATION, DISTRIBUTION, MANUFACTURE, AND COPYRIGHT NOTICE |
| Name of producer, publisher, distributor, manufacturer |
Presses universitaires François-Rabelais (PUFR), |
| 300 ## - PHYSICAL DESCRIPTION |
| Extent |
1 online resource (1 p.) |
| 506 0# - RESTRICTIONS ON ACCESS NOTE |
| Terms governing access |
Access copy available to the general public. |
| Standardized terminology for access restriction |
Unrestricted |
| Source of term |
star |
| 520 ## - SUMMARY, ETC. |
| Summary, etc. |
Est-il possible pour les héroïnes de Sex and the City de réconcilier féminité et féminisme ? Les déceptions amoureuses d'Ally Mc Beal traduisent-elle un modèle romantique à bout de souffle ? Reflet des évolutions de la société, la fiction américaine met en scène idéologies, fantasme de l'amour et conflits entre hommes et femmes. Passant au crible soixante années de fiction télé américaine, Céline Morin analyse les relations amoureuses et les inégalités de genre en ouvrant un dialogue avec les théories féministes et une sociologie de la conjugalité et de l'individualisme. |
| 588 0# - SOURCE OF DESCRIPTION NOTE |
| Source of description note |
Description based on print version record. |
| 590 ## - LOCAL NOTE (RLIN) |
| Local note |
OpenEdition Books Select 2018: HSS Backlist Books |
| 650 #7 - SUBJECT ADDED ENTRY--TOPICAL TERM |
| Topical term or geographic name entry element |
Performing Arts / Television |
| Source of heading or term |
bisacsh |
| 650 #0 - SUBJECT ADDED ENTRY--TOPICAL TERM |
| Topical term or geographic name entry element |
Performing arts |
| 655 #0 - INDEX TERM--GENRE/FORM |
| Genre/form data or focus term |
Electronic books. |
| 758 ## - |
| -- |
Is found in: |
| -- |
Knowledge Unlatched |
| -- |
https://openresearchlibrary.org/module/2774bc74-146a-484f-a7ba-ab1d6a09bbfb |
| 856 40 - ELECTRONIC LOCATION AND ACCESS |
| Uniform Resource Identifier |
<a href="https://openresearchlibrary.org/content/e6022c33-e7b2-448d-84dd-c1996eb93432">https://openresearchlibrary.org/content/e6022c33-e7b2-448d-84dd-c1996eb93432</a> |
| Public note |
View this content on Open Research Library. |
| -- |
0 |